000 00446nam a2200193Ia 4500
003 OSt
005 20251016141757.0
008 250729s2006 xx 000 0 und d
020 _a9788171418862
040 _cAL
041 _aeng
082 _a370.78 BHAW
100 _aBhaskaracharyalu
_9223200
245 _aWorker's education
260 _aNew Delhi
_c2006
300 _a135p
650 _aWomen Education
_9223201
942 _2ddc
_cBED
999 _c235784
_d235784